[Event "Emilia Romagna-ch"]
[Site "Piacenza"]
[Date "2024.05.11"]
[Round "3"]
[White "Garofalo, Sergio"]
[Black "Sommariva, Christian"]
[Result "1-0"]
[WhiteElo "1729"]
[BlackElo "1399"]
[PlyCount "57"]
[EventDate "2024.05.10"]
[EventType "swiss"]
[EventRounds "6"]
[EventCountry "ITA"]
[SourceTitle "CBM 220 Extra"]
[Source "ChessBase"]
[SourceDate "2024.07.31"]
[SourceVersion "1"]
[SourceVersionDate "2024.07.31"]
[SourceQuality "1"]

1. d4 d5 2. Nf3 Nf6 3. Nbd2 c5 4. dxc5 Nc6 5. b4 Nxb4 6. Bb2 Bf5 7. Nd4 Bg6 8. a3 Nc6 9. e3 a6 10. Be2 e6 11. h4 h5 12. Nxc6 bxc6 13. Bd4 Be7 14. Kf1 Kf8 15. Nf3 Nd7 16. Bd3 Bxd3+ 17. Qxd3 f6 18. e4 e5 19. exd5 cxd5 20. c6 Nb8 21. Bxe5 fxe5 22. Qf5+ Bf6 23. Nxe5 Rh6 24. Re1 Kg8 25. Qe6+ Kh7 26. Nf7 Qb6 27. Qf5+ Rg6 28. Qxh5+ Kg8 29. Qh8+ 1-0

[Event "Emilia Romagna-ch"]
[Site "Piacenza"]
[Date "2024.05.10"]
[Round "2"]
[White "Sommariva, Christian"]
[Black "Rotolante, Luca"]
[Result "0-1"]
[WhiteElo "1399"]
[BlackElo "2002"]
[PlyCount "94"]
[EventDate "2024.05.10"]
[EventType "swiss"]
[EventRounds "6"]
[EventCountry "ITA"]
[SourceTitle "CBM 220 Extra"]
[Source "ChessBase"]
[SourceDate "2024.07.31"]
[SourceVersion "1"]
[SourceVersionDate "2024.07.31"]
[SourceQuality "1"]

1. e4 c5 2. Nc3 e6 3. f4 Nc6 4. Nf3 d5 5. Bb5 a6 6. Bxc6+ bxc6 7. d3 Nf6 8. 0-0 d4 9. Ne2 Be7 10. Qe1 Qc7 11. Qg3 Rg8 12. e5 Nd5 13. Ng5 Bxg5 14. Qxg5 Qe7 15. Qg4 Bd7 16. Ng3 0-0-0 17. Qd1 f5 18. c4 Nc7 19. Bd2 Be8 20. Qa4 h6 21. Rab1 g5 22. Ne2 Kd7 23. b4 Bh5 24. Ng3 Bf7 25. bxc5 gxf4 26. Rxf4 Qxc5 27. Ne4 Qxe5 28. Rb6 Ke8 29. Qxc6+ Kf8 30. Bb4+ Kg7 31. Bd6 Qa5 32. Qxc7 Rc8 33. Qb7 Qe1+ 34. Rf1 Qe3+ 35. Kh1 Qxd3 36. Be5+ Kg6 37. Ng3 Rge8 38. Rxa6 Rxc4 39. Ra7 Rf8 40. Bd6 Rcc8 41. Bxf8 Rxf8 42. Qe7 Kg7 43. Nh5+ Kg8 44. Rc1 Qe3 45. Rg1 e5 46. h4 Qe2 47. g4 Bd5+ 0-1